WWE Smackdown: Just Bring It (PS2) Roster - Statistics

General Stats
  • This quiz has been taken 158 times
  • The average score is 32 of 44
Answer Stats
Wrestler % Correct
Triple H
96%
The Rock
94%
Jeff Hardy
93%
Matt Hardy
93%
The Undertaker
92%
Edge
91%
Kane
91%
Lita
89%
Stone Cold Steve Austin
89%
Trish Stratus
88%
Christian
87%
Kurt Angle
86%
Chris Jericho
85%
Eddie Guerrero
84%
Bubba Ray Dudley
81%
Vince McMahon
80%
Chris Benoit
79%
D-Von Dudley
79%
Stephanie McMahon
79%
Shane McMahon
78%
Rikishi
76%
Spike Dudley
76%
The Big Show
74%
Albert
71%
Bradshaw
69%
Billy Gunn
68%
Crash Holly
68%
Hardcore Holly
68%
Test
68%
Faarooq
67%
William Regal
66%
Molly Holly
64%
Perry Saturn
64%
Mick Foley
62%
Tazz
62%
Rhyno
58%
Dean Malenko
56%
Ivory
56%
Tajiri
51%
Steven Richards
47%
Raven
46%
Steve Blackman
46%
Jerry Lynn
24%
Fred Durst
21%
No matching quizzes found
Score Distribution
Percent of People with Each Score
Percentile by Number Answered
Your Score History
You have not taken this quiz